000 00465nam a2200193Ia 4500
005 20240823051146.0
008 240823s9999||||xx |||||||||||||| ||und||
020 _a0-19-859616-2
041 _aENGLISH
082 _A519 L4
100 _aIan Anderson
245 2 _aA First Course in Combinatorial Mathematics
250 _a1st
260 _c1974
_bClarendon
500 _aTRANSFERED
650 _aMathematics
_bMathematics
942 _cBK
999 _c218928
_d218928